000 00557nam a2200217Ia 4500
005 20241129120308.0
008 241129s9999||||xx |||||||||||||| ||und||
020 _a9788179759554
037 _aTB
040 _aSDCL
_beng
_cSDCL
041 _ahin
_2hin
084 _a4:(Y) Q9
_qSDCL
100 _aChaturvedi Jagdishwar
245 0 _aAadhunikta Sahitya Aur Media
260 _aDelhi
_bAnamika Publishers India
_c2019
300 _a461p
365 _aINR
_b1200
650 _aHindi
942 _cTB
_h4:(Y) Q9
999 _c1234204
_d1234204